| Tag |
First Indicator |
Second Indicator |
Subfields |
| LEADER |
00000cam a22000008a 4500 |
| 001 |
in00000011837 |
| 005 |
20151007051714.0 |
| 008 |
870729s1987 ne b 00100 eng |
| 010 |
|
|
|a 87022200
|
| 020 |
|
|
|a 0444703233
|
| 035 |
|
|
|a (OCoLC)16468036
|
| 035 |
|
|
|9 AAA4383AM
|
| 040 |
|
|
|a DLC
|c DLC
|d TXA
|d UtOrBLW
|
| 049 |
|
|
|a TXAM
|c [A11034459]
|
| 050 |
0 |
0 |
|a HD5707
|b .R37 1987
|
| 082 |
0 |
|
|a 331.12
|2 19
|
| 245 |
0 |
0 |
|a Regional labour markets :
|b analytical contributions and cross-national comparisons /
|c edited by Manfred M. Fischer and Peter Nijkamp.
|
| 264 |
|
1 |
|a Amsterdam ;
|a New York :
|b North-Holland ;
|c [1987]
|
| 264 |
|
2 |
|a New York, N.Y. :
|b Sole distributors for the U.S.A. and Canada, Elsevier Science Pub. Co.,
|
| 264 |
|
4 |
|c ©1987
|
| 300 |
|
|
|a xvii, 500 pages :
|b illustrations, maps
|
| 336 |
|
|
|a text
|b txt
|2 rdacontent
|
| 337 |
|
|
|a unmediated
|b n
|2 rdamedia
|
| 338 |
|
|
|a volume
|b nc
|2 rdacarrier
|
| 490 |
1 |
|
|a Contributions to economic analysis ;
|v 168
|
| 504 |
|
|
|a Includes bibliographies and indexes.
|
| 650 |
|
0 |
|a Labor supply
|x Regional disparities.
|
| 700 |
1 |
|
|a Fischer, Manfred M.,
|d 1947-
|
| 700 |
1 |
|
|a Nijkamp, Peter.
|
| 830 |
|
0 |
|a Contributions to economic analysis ;
|v 168.
|
| 999 |
|
|
|a MARS
|
| 999 |
f |
f |
|s f7d99b65-43b9-3588-aa2b-01185671ddd7
|i 91a89168-8927-3a65-be35-5d364ce7dc22
|t 0
|
| 952 |
f |
f |
|p ric
|a Texas A&M University
|b Rellis Campus
|c Joint Library Facility
|d Remote Storage
|t 0
|e HD5707 .R37 1987
|h Library of Congress classification
|i unmediated -- volume
|m A14811034459
|
| 998 |
f |
f |
|a HD5707 .R37 1987
|t 0
|l Remote Storage
|